| 000 | 00644nam a2200169 a 4500 | ||
|---|---|---|---|
| 008 | 120416s1950 ||||||||||||||||| || u | ||
| 050 | _aQD 457 Ste | ||
| 100 | _aSteinbach, Otto F | ||
| 245 | 1 | 0 | _aExperiments in physical chemistry |
| 260 |
_aNew York _bAmerican Book Co _c1950 |
||
| 300 | _avi, 250 p. ill. | ||
| 350 | _a0.00 | ||
| 490 | _aCHEMISTRY, PHYSICAL AND THEORETICAL--LABORATORY MANUALS | ||
| 650 | 0 | _aCHEMISTRY--HANDBOOKS, MANUALS, ETC | |
| 700 | _aKing, Cecil Victor, 1899- | ||
| 995 |
_D0.00 _FCBU-MAIN LIBRARY (Kitwe) _H1 _I1.95 _UAVAILABLE _ZMain Library Open Access Collection |
||
| 999 |
_c42917 _d42917 |
||